00670nam a2200169 a 4500003000900000005001700009008004100026040001300067245002700080260003600107300003500143500013400178500014400312650001700456650001200473655001500485AR-BaBNM20251128203416.0082120s2002 ||||||||||||||000 | spa|| cAR-BaBNM00aNouveau petit Larousse aParisbLibrairie Laroussec1970 a[1816] p.bil., láms., mapas aEl diccionario se divide en dos secciones la primera corresponde al diccionario de la lengua y la segunda incluye nombres propios aA partir de la página 1092, en hojas rosadas y con numeración romana, se consignan las locuciones latinas y extranjeras de uso habitual 4aDICCIONARIOS 4aFRANCES aREFERENCIA